<?xml version="1.0" encoding="UTF-8"?>
<record
    xmlns:xsi="http://www.w3.org/2001/XMLSchema-instance"
    xsi:schemaLocation="http://www.loc.gov/MARC21/slim http://www.loc.gov/standards/marcxml/schema/MARC21slim.xsd"
    xmlns="http://www.loc.gov/MARC21/slim">

  <leader>02047cam a2200289   4500</leader>
  <controlfield tag="001">sa 68020526 </controlfield>
  <controlfield tag="003">DLC</controlfield>
  <controlfield tag="005">20260227112725.0</controlfield>
  <controlfield tag="008">740517m19019999ii       c    000 0 eng  </controlfield>
  <datafield tag="010" ind1=" " ind2=" ">
    <subfield code="a">sa 68020526 </subfield>
  </datafield>
  <datafield tag="025" ind1=" " ind2=" ">
    <subfield code="a">PL480:I-E-1455</subfield>
  </datafield>
  <datafield tag="040" ind1=" " ind2=" ">
    <subfield code="a">DLC</subfield>
    <subfield code="c">DLC</subfield>
    <subfield code="d">DLC</subfield>
  </datafield>
  <datafield tag="041" ind1="0" ind2=" ">
    <subfield code="a">eng</subfield>
    <subfield code="a">san</subfield>
  </datafield>
  <datafield tag="043" ind1=" " ind2=" ">
    <subfield code="a">a-ii---</subfield>
  </datafield>
  <datafield tag="050" ind1="0" ind2="0">
    <subfield code="a">Z6621.M186</subfield>
    <subfield code="b">S34</subfield>
  </datafield>
  <datafield tag="110" ind1="2" ind2=" ">
    <subfield code="a">Government Oriental Manuscripts Library (Tamil Nadu, India)</subfield>
  </datafield>
  <datafield tag="245" ind1="0" ind2="2">
    <subfield code="a">A descriptive catalogue of the Sanskrit manuscripts of the Government Oriental Manuscripts Library, Madras,</subfield>
    <subfield code="c">by M. Seshagiri Sastri, curator, Government Oriental Manuscripts Library.</subfield>
  </datafield>
  <datafield tag="260" ind1=" " ind2=" ">
    <subfield code="a">Madras,</subfield>
    <subfield code="b">Printed by the Superintendent, Govt. Press,</subfield>
    <subfield code="c">1901-&lt;1999   &gt;</subfield>
  </datafield>
  <datafield tag="300" ind1=" " ind2=" ">
    <subfield code="a">v. in ;</subfield>
    <subfield code="c">25 cm.</subfield>
  </datafield>
  <datafield tag="500" ind1=" " ind2=" ">
    <subfield code="a">Editors vary for each volume.</subfield>
  </datafield>
  <datafield tag="500" ind1=" " ind2=" ">
    <subfield code="a">LC holdings, until complete, listed in contents note only.</subfield>
  </datafield>
  <datafield tag="500" ind1=" " ind2=" ">
    <subfield code="a">"Prepared under the orders of the Government of Madras."</subfield>
  </datafield>
  <datafield tag="505" ind1="1" ind2=" ">
    <subfield code="a">v. 1 in 3 pts. Vedic literature -- v. 2. Vedic literature-- v. 3. Grammar, lexiocography and prosody -- v. 4., pt. I. Itihasa and Purana -- pt. II. Upapuranas and sthalamahatmyas -- v. 5-7. Dharma-sastra -- v. 8. Arthasastra, Kamasastra and systems of Indian philosophy-Nyaya -- v. 9. Systems of Indian philosophym, Vaisesika, Yoga, Mimamsa and Vedanta-advaita philosophy --  v. 10. Systems of Indian philosophy, Dvaita and Saiva-vedanta -- v. 11. Systems of Indian philosophy -- v. 12. Religion --   v. 17. Stotras -- v. 18-19. Prasmsa-stotras -- v. 20-21. Kavyas -- v. 22. Rhetoric and poetics, dancing and silpasastra -- v. 23. Medicine -- v. 24. Jyautisa -- v. 25-28, 30. Supplemental --   v. 35. D.nos 19201 to 19700 --   v. 49. No.D. 19701-D.20230 -- v. 50. (no special title) -- v. 51. R.No. 8630-8976 -- v. 52. R.No. 8977-9257 -- v. 53. R.No.: 9258-9708</subfield>
  </datafield>
  <datafield tag="650" ind1=" " ind2="0">
    <subfield code="a">Manuscripts, Sanskrit</subfield>
    <subfield code="z">India</subfield>
    <subfield code="z">Chennai</subfield>
    <subfield code="v">Catalogs.</subfield>
  </datafield>
  <datafield tag="830" ind1=" " ind2="0">
    <subfield code="a">Madras Government oriental Manuscript series ;</subfield>
    <subfield code="v">415-416</subfield>
  </datafield>
  <datafield tag="830" ind1=" " ind2="0">
    <subfield code="a">Madras Government oriental Manuscript series.</subfield>
    <subfield code="p">Sanskrit Publications ;</subfield>
    <subfield code="v">113-114.</subfield>
  </datafield>
  <datafield tag="999" ind1=" " ind2=" ">
    <subfield code="c">89479</subfield>
    <subfield code="d">89479</subfield>
  </datafield>
</record>
